logo

Bir Sreshtho Munshi Abdur Rouf Library
Jhenaidah Cadet College

Oxford Advanced Learner's Dictionary of current English / (Record no. 5230)

MARC details
000 -LEADER
fixed length control field 00696nam a2200265 a 4500
001 - CONTROL NUMBER
JCCL Control Number 5230
003 - CONTROL NUMBER IDENTIFIER
JCCL marc code BD-JhCC
005 - DATE AND TIME OF LATEST TRANSACTION
control field 20171228185659.0
008 - FIXED-LENGTH DATA ELEMENTS--GENERAL INFORMATION
fixed length control field 171210s19481995n a|||| || | 000 0 eng d
020 ## - INTERNATIONAL STANDARD BOOK NUMBER
International Standard Book Number 0194314227
020 ## - INTERNATIONAL STANDARD BOOK NUMBER
International Standard Book Number 9780194314220
035 ## - SYSTEM CONTROL NUMBER
system control number (BD-JhCC)5230
040 ## - CATALOGING SOURCE
Original cataloging agency BD-JhCC
Modifying agency BD-JhCC
041 ## - LANGUAGE CODE
Language code of Book eng
082 ## - DEWEY DECIMAL CLASSIFICATION NUMBER
Classification number 423.1
Author mark and Year HOR 1995
100 ## - MAIN ENTRY--PERSONAL NAME
Personal name Hornby, A S
245 ## - TITLE STATEMENT
Title Oxford Advanced Learner's Dictionary of current English /
Statement of responsibility, etc A S Hornby,
250 ## - EDITION STATEMENT
Edition statement 5th ed.
260 ## - PUBLICATION, DISTRIBUTION, ETC. (IMPRINT)
Place of publication, distribution, etc New York :
Name of publisher, distributor, etc Oxford University Press,
Date of publication, distribution, etc 1995.
300 ## - PHYSICAL DESCRIPTION
Pagination 1428 p. :
Dimensions 21 cm.
650 ## - SUBJECT ADDED ENTRY--TOPICAL TERM
Topical term or geographic name as entry element English Dictionary
650 ## - SUBJECT ADDED ENTRY--TOPICAL TERM
Topical term or geographic name as entry element English Languager
942 ## - ADDED ENTRY ELEMENTS (KOHA)
Source of classification or shelving scheme Dewey Decimal Classification
Koha item type Reference
Holdings
Source of classification or shelving scheme Damaged status Not for loan Home library Current library Shelving location Date of accession Total Checkouts Full call number Barcode Date last seen Copy number Koha item type
Dewey Decimal Classification     JCC Rouf Library JCC Rouf Library General Stacks 12/10/2017   423.1 HOR 1995 7276 12/10/2017 C-1 Reference
Dewey Decimal Classification     JCC Rouf Library JCC Rouf Library General Stacks 12/11/2017   423.1 HOR 1995 7285 12/11/2017 C-2 Reference

JCC Library | Contacts | JCC Home

Last Update on 23 September 2017
Copyright @ 2017-2020 JCC Rouf Library
Rouf Library, Jhenidah Cadet College (JCC), Bangladesh